Pembimbing rakan sebaya : langkah seterusnya

Bibliographic Details
Main Author: Zuraidah Abdul Rahman (Author)
Format: Book
Language:Malay
Published: Selangor : IBS Buku Sdn Bhd 2001
Edition:Edisi Terbaru
Subjects:

MARC

LEADER 00000cam a2200000 7i4500
001 0000012440
005 20241021.0
008 030910 my a may
020 |a 9679501566 
040 |a INS   |b eng   |e rda 
090 0 0 |a LB1027.5.   |b Z88 2001 
100 0 |a Zuraidah Abdul Rahman ,   |e author 
245 1 0 |a Pembimbing rakan sebaya :   |b langkah seterusnya   |c Zuraidah Abdul Rahman 
250 |a Edisi Terbaru 
264 1 |a Selangor :   |b IBS Buku Sdn Bhd   |c 2001 
264 4 |c ©1996 
300 |a 231 pagse :   |b illustrations ;   |c 22 cm. 
336 |a text  |2 rdacontent 
337 |a unmediated  |2 rdamedia 
338 |a volume  |2 rdacarrier 
504 |a Includes bibliographical references 
650 0 |a Counselling in higher education 
650 0 |a Peer Counseling of Student-Malaysia   |x Peer-group tutoring of students   |y Malaysia 
999 |a 0000012171   |b BOOK   |c Open Shelf   |e Default branch 
999 |a 0000015935   |b BOOK   |c Open Shelf   |e Default branch